000 00338nam a22001217a 4500
040 _cSY
082 _a604
100 _aក្សេត្រសាស្រ្ត
245 _aកសិកម្មតំបន់ខ្ពង់រាប
260 _aRUA
_bក្សេត្រសាស្រ្ត
_c1997
300 _a77p.
942 _cKB
999 _c9551
_d9551